Произведения с названиями "... и ..." - Statistics

General Stats
  • This quiz has been taken 32 times
  • The average score is 5 of 15
Answer Stats
Автор Произведение % Correct
Лев Толстой Война и мир
100%
Фёдор Достоевский Преступление и наказание / Униженные и оскорблённые
86%
Иван Тургенев Отцы и дети
71%
Уильям Шекспир Ромео и Джульетта
71%
Антон Чехов Толстый и тонкий
50%
Владимир Ленин Государство и революция
25%
Александр Герцен Былое и думы
21%
Мартин Хайдеггер Бытие и время
11%
Сомерсет Моэм Луна и грош
11%
Фридрих Шиллер Коварство и любовь
7%
Макс Штирнер Единственный и его достояние
7%
Пётр Кропоткин Хлеб и воля / Анархия и нравственность
7%
Чарльз Диккенс Домби и сын
4%
Александр Островский Волки и овцы / Таланты и поклонники
4%
Дмитрий Мережковский Христос и Антихрист
4%
No matching quizzes found
Score Distribution
Percent of People with Each Score
Percentile by Number Answered
Your Score History
You have not taken this quiz